| 000 | 00745nmc a2200301 a 4500 | ||
|---|---|---|---|
| 003 | AR-BaBNM | ||
| 005 | 20251128203353.0 | ||
| 008 | 127019s1948 ||||||||||||||000 | spa|| | ||
| 040 | _cAR-BaBNM | ||
| 100 | 0 | _aPlutarco | |
| 245 | 1 | 0 |
_aVidas paralelas _bTeseo - Rómulo - Licurgo - Numa |
| 250 | _a1ª ed. | ||
| 260 |
_aBuenos Aires _bEspasa-Calpe _c1948 |
||
| 300 | _a163 p. | ||
| 490 | 0 |
_aAustral _vv. 7 |
|
| 650 | 4 | _aLITERATURA LATINA | |
| 650 | 4 | _aMITOLOGIA | |
| 650 | 4 | _aBIOGRAFIAS | |
| 650 | 4 | _aHISTORIA ANTIGUA | |
| 650 | 4 | _aLEYENDAS | |
| 650 | 4 | _aHISTORIA POLITICA | |
| 650 | 4 | _aFILOSOFIA | |
| 651 | 4 | _aRoma | |
| 655 | _aLITERATURA | ||
| 700 | 1 |
_aRanz Romanillos, Antonio _etraductor |
|
| 942 | _cBK | ||
| 998 | _cMARTIN | ||
| 999 |
_c3077 _d3077 |
||